| 000 | 00453nam a22001697a 4500 | ||
|---|---|---|---|
| 003 | SGT | ||
| 020 | _a9788131248973 | ||
| 082 |
_a612.015 _bT18R |
||
| 100 | _aRIFAI, NADER | ||
| 245 | _aTIETZ TB. OF CLINICAL CHEMISTRY AND MOLECULAR DIAGNOSTICS | ||
| 250 | _a1ST S.A. | ||
| 260 |
_aINDIA _bELSEVIER PUB _c2018 |
||
| 300 | _a1852 | ||
| 650 | _aBIOCHEMISTRY | ||
| 653 | _aTIETZ TB. OF CLINICAL CHEMISTRY AND MOLECULAR DIAGNOSTICS | ||
| 942 |
_2ddc _cBK |
||
| 999 |
_c22643 _d22643 |
||